00350 a2200109 4500001000700000020000600007040001100013100005400024240007900078245007400157362000900231171091 a  cMagnum aBanco de Desenvolvimento de Minas Gerais S.d/bdmg10aMinas gerais do seculo xxi/v.6 - integrando a industria para o futurolpor10aMinas gerais do seculo xxi/v.6 - integrando a industria para o futuro0 a1899